| 000 | 00970nas a2200325 4500 | ||
|---|---|---|---|
| 001 | BR2015004104 | ||
| 003 | BR-BrBNA | ||
| 005 | 20231205125524.0 | ||
| 007 | ta | ||
| 008 | 230509b bl.|||p| |||| 00| 00por d | ||
| 040 |
_aBR-BrBNA _bpor _cBiblioteca Nacional de Agricultura |
||
| 041 | _a(Pt) | ||
| 072 | _aL73; U30 | ||
| 100 | 1 | _aCosta, G.M. da | |
| 100 | 1 | _aPereira, U. de P. | |
| 100 | 1 | _aCustódio, D.A. da C. | |
| 100 | 1 | _aSilva, N. da | |
| 245 | 1 | _aCaracterização de Staphylococcus coagulase-positiva utilizando plasmas de diferentes espécies animais | |
| 650 | _aBACTÉRIA | ||
| 650 | _aPLASMA | ||
| 650 | _aBOVINO | ||
| 650 | _aEQUINO | ||
| 650 | _aCÃO | ||
| 650 | _aHOMEM | ||
| 650 | _aLABORATÓRIO | ||
| 650 | _aCOAGULAÇÃO SANGUÍNEA | ||
| 773 | 0 |
_tRevista do Instituto Adolfo Lutz (Brazil) _xISSN 0073-9855 _g(Oct-Dec 2011), v. 70(4) p. 584-588 _wBR2015004104 |
|
| 909 |
_a202311 _bLúcia _c55 _dLúcia Elande |
||
| 942 |
_2AGRIS _n0 _cANA |
||
| 999 |
_c244768 _d244768 |
||